| 000 | 00534nam a2200229Ia 4500 | ||
|---|---|---|---|
| 001 | 12212 | ||
| 003 | GE_BSU | ||
| 008 | 181216s||||||||xx |||||||||||||| ||und|| | ||
| 020 | _a9780750666619 | ||
| 040 | _cGE_BSU | ||
| 080 | _a338.22 | ||
| 100 | _aMurphy,Peter E. | ||
| 245 | 4 | _aThe Business of Resort Management. | |
| 250 | _aFirst Edition. | ||
| 260 | _aAmsterdam. | ||
| 260 | _bElsevier Ltd. | ||
| 260 | _c2008 | ||
| 300 | _a346p;23cm. | ||
| 541 | _h121ლ. | ||
| 653 | _aThe Business of Resort Management. | ||
| 942 | _cBK | ||
| 999 |
_c45388 _d45388 |
||